• 首页
  • 本馆介绍
  • 公告通知
  • 最新文献
  • 馆藏检索
  • 电子资源
  • 读者导购
  • 参考咨询
  • 我的图书馆
  • 登录
  • 详细信息显示
  • 放入我的书架
  • 预约/预借图书
  • 作者相关作品
  • 分类相关作品
  • 丛书相关作品
  • 出版社相关作品

书目信息

  • 表格格式
  • 工作单格式
  • 卡片格式
题名:
教育的使命
    
 
作者: 赵中建 编
分册:  
出版信息: 北京   教育科学出版社  2005
页数: 260页
开本: 20cm
丛书名: 联合国教科文组织教育丛书
单 册:
中图分类: G40-011
科图分类:
主题词: 教育目的--研究
电子资源:
ISBN: 7-5041-1605-X
000 01328nam0 2200313 450
000 01354nam0 2200313 450
000 01284nam0 2200289 450
000 01248oam2 2200277 45
005 20070727153726.21
010    @a7-5041-1605-X@dCNY14.00
100    @a20070706d2005 em y0chiy0120 ea
101 0  @achi
102    @aCN@b110000
105    @ay z 000yy
200 1  @a教育的使命@AJiao Yu De Shi Ming@e面向二十一世纪的教育宣言和行动纲领@EMian Xiang Er Shi Yi Shi Ji De Jiao Yu Xuan Yan He Xing Dong Gang Ling@f赵中建编@FZhao Zhong Jian Bian
210    @a北京@c教育科学出版社@d2005
215    @a260页@d20cm
225 2  @a联合国教科文组织教育丛书
300    @a英文题名:Educational declarations and frameworks for action torwards the 21st century
300    @a纪念联合国教科文组织成立五十周年
314    @a赵中建(1954~ ),华东师范大学国际与比较教育研究所副研究员,兼《外国教育资料》副主编
410  0 @12001 @a联合国教科文组织教育丛书
510 1  @aEducational declarations and frameworks for action torwards the 21st century@zeng
517 1  @a面向二十一世纪的教育宣言和行动纲领@AMian Xiang Er Shi Yi Shi Ji De Jiao Yu Xuan Yan He Xing Dong Gang Ling
606 0  @a教育目的@x研究
690    @aG40-011@v4
701  0 @a赵中建@AZhao Zhong Jian@4编
801  0 @aCN@bTAOJIN@c20070727
905    @a10447@dG40-011@e436
    
    教育的使命:面向二十一世纪的教育宣言和行动纲领/赵中建编.-北京:教育科学出版社,2005
    260页;20cm.-(联合国教科文组织教育丛书)
    英文题名:Educational declarations and frameworks for action torwards the 21st century.-纪念联合国教科文组织成立五十周年
    
    ISBN 7-5041-1605-X:CNY14.00
    
●
相关链接 在E读中查询图书 在五车中查询图书 在当当中查询图书 在豆瓣中查询图书


正题名:教育的使命     索取号:G40-011/436         预约/预借

序号 登录号 条形码 馆藏地/架位号 状态 备注
1 0821520   208215206   第一样本阅览室/ [索取号:G40-011/436] 在馆    
2 0821521   208215215   第四借阅区/ [索取号:G40-011/436] 在馆    
3 0821522   208215224   第四借阅区/ [索取号:G40-011/436] 在馆    
4 0821523   208215233   第四借阅区/ [索取号:G40-011/436] 在馆    
5 0821524   208215242   第四借阅区/ [索取号:G40-011/436] 在馆    
唐山师范学院图书馆 欢迎您!
大连网信软件有限公司© 版权所有